Statistics for US states by interesting fact

Click here to take the quiz!

General Stats

  • This quiz has been taken 43 times
  • The average score is 9 of 50

Answer Stats

HintAnswer% Correct
Only borders one other stateMaine
81%
Highest state (elevation)Colorado
67%
The only state to have hosted both Summer & Winter OlympicsCalifornia
63%
Northern, western, and easternmost stateAlaska
56%
Birth state of most US presidentsVirginia
52%
Most of this state has no daylight saving timeArizona
41%
Its east and west borders are both formed by riversIowa
37%
Home to the deepest river gorge in the USIdaho
33%
Home to America's first traffic lightOhio
30%
Has a town called 'Santa Claus'Indiana
30%
Home to aquarium that houses four whale sharksGeorgia
26%
Flattest stateFlorida
26%
First state to abolish slaveryVermont
26%
State with the oldest capitolMaryland
26%
Only state with an active diamond mineArkansas
26%
Birthplace of basketball & volleyballMassachusetts
22%
Mines 79% of all gold in the USANevada
19%
State with highest speed limitsTexas
19%
Home to the 'rocket capital of the world'Alabama
15%
The only civil law stateLouisiana
15%
State with lowest speed limitsHawaii
15%
State with highest proportion of Americans of Welsh descentUtah
11%
Produces most nuclear energy of any stateIllinois
11%
State with most T-rex specimens in the worldMontana
11%
Only state with a 'State Microbe'Oregon
11%
Birthplace of Post-It notesKentucky
7%
Only state with a unicameral legislatureNebraska
7%
State with highest percentage of Ph.D.sDelaware
7%
Birthplace of the cotton-ginConnecticut
7%
Home to the world's largest carouselWisconsin
7%
Only state that does not require adults to wear seatbeltsNew Hampshire
7%
Home to the world's largest crucifixMichigan
7%
Home to the world's largest pelican statueMinnesota
7%
State dinosaur is TriceratopsWyoming
7%
Home of the first Pizza HutKansas
7%
State with most Venus flytrapsNorth Carolina
7%
State with shortest state motto (one word)Rhode Island
7%
State with highest proportion of non-religious peopleWashington
7%
State with the most mobile homes per personSouth Carolina
4%
Birthplace of the electric guitarOklahoma
4%
First state to have a woman senatorTennessee
4%
Home to the world's smallest churchNew York
4%
Home to the world's largest pecan nut, chess piece and rocking chairMissouri
4%
Home to the world's largest pipe organNew Jersey
4%
State toy is the teddy bearMississippi
4%
Home to the world's largest petrified wood parkSouth Dakota
4%
Home to the World Shovel RaceNew Mexico
4%
State with most golf courses and churches per personNorth Dakota
4%
Home to the first computerPennsylvania
0%
The first state to have sale's taxWest Virginia
0%

Score Distribution

Percentile by Number Answered

Percent of People with Each Score

Your Score History

You have not taken this quiz